000 00643nam a22002057a 4500
003 0
005 20250910083947.0
008 250910b xxu||||| |||| 00| 0 eng d
020 _a978-1-83683-195-2
050 _aHD 49
_b.K56 2025
100 _aKincaid, Jasper,
_eauthor.
245 _aCrisis management strategies /
_cJasper Kincaid.
250 _aFirst edition.
260 _aLondon, United Kingdom :
_bVintage Press Ltd.,
_c2025.
300 _aix, 270 pages :
_billustrations ;
_c24 cm.
504 _aIncludes bibliographical references and index.
650 _aCrisis management.
650 _aEmergency management.
942 _2lcc
_cBK
999 _c367856
_d367856